[Event "Chinese League"]
[Site "Ningbo CHN"]
[Date "2011.04.14"]
[Round "3"]
[White "Nie, Xin"]
[Black "Zhai, Mo"]
[Result "1/2-1/2"]
[BlackTitle "WFM"]
[WhiteElo "1970"]
[BlackElo "2136"]
[WhiteTeam "Sichuan"]
[BlackTeam "Hebei"]
[WhiteFideId "8605610"]
[BlackFideId "8600201"]
[EventDate "2011.04.12"]

1. d4 Nf6 2. c4 e6 3. Nc3 Bb4 4. Qc2 O-O 5. a3 Bxc3+ 6. Qxc3 b6 7. Bg5 Bb7 8. f3
d6 9. e4 c5 10. dxc5 bxc5 11. Rd1 Nxe4 12. Bxd8 Nxc3 13. Rxd6 Na4 14. b3 Nb6 15.
Bh4 Rc8 16. Bf2 N8d7 17. Ne2 Kf8 18. Nc3 Ke7 19. Rd2 Ne5 20. Be2 g5 21. Be3 g4
22. Rf1 gxf3 23. gxf3 h5 24. h3 Nbd7 25. f4 Ng6 26. f5 exf5 27. Bxh5 Nge5 28.
Rxf5 f6 29. Bg4 Rg8 30. Rh5 Rg7 31. Nd5+ Bxd5 32. Rxd5 Rb8 33. Bxd7 Nxd7 34.
Bxc5+ Nxc5 35. Rxc5 Rg2 36. b4 Kf7 37. Rh7+ Kg6 38. Re7 Rh8 39. Re3 Rh4 40. Rc8
Kf5 41. Kf1 Ra2 42. Kg1 Kf4 43. Rd3 Ra1+ 44. Kf2 Ra2+ 45. Ke1 Rh5 46. Re8 Rg5
47. Re2 Rg1+ 48. Kf2 Raa1 49. Rf3+ Kg5 50. Rg3+ Rxg3 51. Kxg3 Rxa3+ 52. Kg2 Rb3
53. b5 Rc3 54. Ra2 Rxc4 55. Rxa7 Kf4 56. b6 Rc2+ 57. Kf1 Rb2 58. Rb7 Kf3 59. Ke1
f5 60. Rb8 f4 61. b7 Rb1+ 62. Kd2 Kf2 63. h4 Rb6 64. h5 f3 65. h6 Rd6+ 66. Kc3
Rxh6 67. Rc8 Rb6 68. b8=Q Rxb8 69. Rxb8 Ke2 70. Re8+ Kd1 71. Rd8+ Ke2 72. Re8+
Kd1 73. Rf8 Ke2 74. Rxf3 Kxf3 1/2-1/2

[Event "Chinese League"]
[Site "Ningbo CHN"]
[Date "2011.04.14"]
[Round "3"]
[White "Li, Haoyu"]
[Black "Xu, Hanbing"]
[Result "1-0"]
[WhiteElo "2386"]
[BlackElo "2378"]
[WhiteTeam "Tianjin"]
[BlackTeam "Qingdao"]
[WhiteFideId "8601488"]
[BlackFideId "8601658"]
[EventDate "2011.04.12"]

1. e4 e5 2. Nf3 Nc6 3. Bc4 Bc5 4. O-O Nf6 5. d4 exd4 6. e5 d5 7. exf6 dxc4 8.
Re1+ Be6 9. Ng5 Qd5 10. Nc3 Qf5 11. g4 Qg6 12. Nce4 Bb6 13. f4 d3+ 14. Be3 dxc2
15. Qxc2 Bxe3+ 16. Rxe3 O-O-O 17. f5 Nd4 18. Qf2 Nxf5 19. gxf5 Bxf5 20. fxg7
Rhg8 21. Ng3 Bd3 22. Nxf7 Rde8 23. Ne5 Qxg7 24. Nxd3 Rxe3 25. Qxe3 cxd3 26. Rd1
Kb8 27. Qxd3 a6 28. Qd4 Qg5 29. Kh1 h5 30. Qd5 Qg7 31. Nxh5 Qh8 32. Nf6 Rc8 33.
Nd7+ Ka8 34. b3 Qb2 35. Nc5 c6 36. Qd7 Rb8 37. Qd2 Qf6 38. Qg2 Rh8 39. Ne4 Qf4
40. Ng3 Qg4 41. Rf1 Qg7 42. Rf2 Rd8 43. Qf1 Qe7 44. Rf7 Qc5 45. Qf2 Qd6 46. h4
Rg8 47. Kh2 Rh8 48. Qf4 Qa3 49. Kh3 Qc5 50. b4 Qc3 51. Rf8+ 1-0

[Event "Chinese League"]
[Site "Ningbo CHN"]
[Date "2011.04.14"]
[Round "3"]
[White "Ni, Hua"]
[Black "Yu, Ruiyuan"]
[Result "1-0"]
[WhiteTitle "GM"]
[WhiteElo "2646"]
[BlackElo "2439"]
[WhiteTeam "Shanghai"]
[BlackTeam "Jiangsu"]
[WhiteFideId "8601160"]
[BlackFideId "8603090"]
[EventDate "2011.04.12"]

1. e4 c6 2. d4 d5 3. e5 Bf5 4. Nf3 e6 5. Be2 c5 6. Be3 cxd4 7. Nxd4 Ne7 8. Nd2
Nbc6 9. N2f3 Bg4 10. O-O Nxd4 11. Nxd4 Bxe2 12. Qxe2 Nc6 13. c4 Be7 14. Rfd1 O-O
15. Nf3 Qa5 16. cxd5 exd5 17. Nd4 Nxe5 18. Nf5 Bf6 19. Bd4 Rfe8 20. Bc3 Qc5 21.
Rac1 Rac8 22. Qd2 d4 23. Nxd4 Rcd8 24. Ba5 Qxd4 25. Qxd4 Rxd4 26. Rxd4 Nf3+ 27.
gxf3 Bxd4 28. b3 g5 29. Rc4 Bf6 30. Kf1 Kg7 31. Bd2 Kg6 32. f4 gxf4 33. Bxf4 Re6
34. Be3 a6 35. Ke2 Kf5 36. Rf4+ Ke5 37. Kf3 Rd6 38. Rb4 Rd7 39. Kg4 b5 40. Rf4
Rd1 41. Rf5+ Ke6 42. Rh5 Rg1+ 43. Kf4 Rg7 44. h3 Be7 45. Re5+ Kd7 46. Kf5 Rg1
47. a4 Bd6 48. Rd5 Kc6 49. Rd3 Be7 50. Rc3+ Kd7 51. Bf4 Rb1 52. Rc7+ Ke8 53. Ra7
Rxb3 54. a5 Rxh3 55. Rxa6 Ra3 56. Ra8+ Kd7 57. Be3 b4 58. a6 Ra5+ 59. Ke4 Bc5
60. Bxc5 Rxc5 61. a7 Rc7 62. Rf8 1-0

[Event "Chinese League"]
[Site "Ningbo CHN"]
[Date "2011.04.14"]
[Round "3"]
[White "Lu, Yijie"]
[Black "Xu, Jun"]
[Result "1/2-1/2"]
[BlackTitle "GM"]
[WhiteElo "2378"]
[BlackElo "2486"]
[WhiteTeam "Shanghai"]
[BlackTeam "Jiangsu"]
[WhiteFideId "8604525"]
[BlackFideId "8600031"]
[EventDate "2011.04.12"]

1. e4 c5 2. Nf3 d6 3. d4 cxd4 4. Nxd4 Nf6 5. Nc3 a6 6. Be3 Ng4 7. Bc1 Nf6 8. Be2
g6 9. Be3 Bg7 10. Qd2 Nc6 11. O-O-O O-O 12. f3 Bd7 13. Nd5 Nxd5 14. exd5 Nxd4
15. Bxd4 Bxd4 16. Qxd4 Rc8 17. Kb1 Qc7 18. Qd2 Qc5 19. h4 Rc7 20. h5 Bf5 21. Bd3
Qxd5 22. Qh6 e6 23. g4 Bxd3 24. Rxd3 Qe5 25. Rc3 Rd7 26. f4 Qe4 27. Rg1 d5 28.
a3 d4 29. Rc5 d3 30. cxd3 Qxd3+ 31. Ka2 b6 32. f5 Qd4 33. fxg6 fxg6 34. Rcc1 Qf4
35. g5 Rg7 36. Rh1 Qf5 37. Rce1 Rff7 38. hxg6 Rxg6 39. Qh2 Qf4 40. Qc2 Rc7 41.
Qg2 Qxg5 42. Qa8+ Kg7 43. Rd1 Qg2 44. Qxa6 Qc6 45. Rh4 e5 46. Qd3 Re7 47. Re4
Rg2 48. Qd8 Qe6+ 49. Ka1 Rf7 50. Ra4 Qf6 51. Qd5 e4 52. Rb4 Re7 53. Re1 Rg5 54.
Qb3 Qe6 55. Qe3 Rg6 56. Rxe4 Qxe4 57. Qc3+ Rf6 58. Rxe4 Rxe4 59. Qg3+ Kf7 60.
Qc7+ Re7 61. Qc4+ Kf8 62. Qc8+ Kg7 63. Qg4+ Rg6 64. Qd4+ Kg8 65. Qd5+ Rf7 66.
Qd8+ Kg7 67. Qd4+ Rgf6 68. Qg4+ Kh8 69. Ka2 h6 70. Qc8+ Kh7 71. Qg4 Rf4 72. Qe6
R7f6 73. Qe7+ Kg6 74. Qe8+ Kg5 75. Qe5+ Kg4 76. Qe2+ Rf3 77. Qg2+ Kf4 78. Qh2+
Ke3 79. Qe5+ Kd3 80. Qd5+ Ke2 81. Qe4+ Kf1 82. Qc4+ Kf2 83. Qd4+ Kg3 84. Qg1+
Kh4 85. Qh2+ Kg5 86. Qe5+ Kg4 87. Qe4+ Kh3 88. Qe5 R3f5 89. Qe3+ Kg4 90. Qg1+
Kh5 91. Qh2+ Kg6 92. Qg2+ Rg5 93. Qe4+ 1/2-1/2

[Event "Chinese League"]
[Site "Ningbo CHN"]
[Date "2011.04.14"]
[Round "3"]
[White "Guo, Qi"]
[Black "Zhang, Xiaowen"]
[Result "1/2-1/2"]
[BlackTitle "WGM"]
[WhiteElo "2331"]
[BlackElo "2344"]
[WhiteTeam "Jiangsu"]
[BlackTeam "Shanghai"]
[WhiteFideId "8604002"]
[BlackFideId "8603219"]
[EventDate "2011.04.12"]

1. d4 Nf6 2. Nf3 g6 3. c4 Bg7 4. Nc3 O-O 5. e4 d6 6. Be2 e5 7. O-O Nc6 8. d5 Ne7
9. b4 a5 10. Ba3 b6 11. bxa5 Nh5 12. g3 Rxa5 13. Bb4 Ra8 14. a4 Bh3 15. Re1 h6
16. a5 bxa5 17. Bxa5 Qd7 18. c5 dxc5 19. Nd2 f5 20. Nb3 Qd6 21. Bxc7 Qxc7 22.
Rxa8 Rxa8 23. d6 Qd8 24. Bxh5 gxh5 25. dxe7 Qe8 26. Qd6 Rc8 27. Nxc5 fxe4 28.
Nd5 Qf7 29. Nb7 Rc2 30. Nf4 e3 31. fxe3 exf4 32. Qd8+ Kh7 33. e8=Q Rg2+ 34. Kh1
Rxh2+ 35. Kxh2 fxg3+ 36. Kxg3 h4+ 37. Kxh4 Qf2+ 38. Kxh3 Qf3+ 39. Kh4 Bf6+ 40.
Qxf6 Qxf6+ 41. Kg4 Qg5+ 42. Kf3 Qf5+ 43. Kg3 Qg5+ 44. Kf2 Qf5+ 45. Kg3 Qg5+ 46.
Kh3 Qf5+ 47. Kh4 Qg5+ 48. Kh3 Qf5+ 49. Kg3 Qg5+ 50. Kh3 1/2-1/2

[Event "Chinese League"]
[Site "Ningbo CHN"]
[Date "2011.04.14"]
[Round "3"]
[White "Zhao, Jun"]
[Black "Zeng, Chongsheng"]
[Result "1-0"]
[WhiteTitle "GM"]
[WhiteElo "2580"]
[BlackElo "2426"]
[WhiteTeam "Shandong"]
[BlackTeam "Chongqing"]
[WhiteFideId "8602522"]
[BlackFideId "8603847"]
[EventDate "2011.04.12"]

1. c4 Nf6 2. Nc3 d5 3. cxd5 Nxd5 4. g3 Nb6 5. Nf3 g6 6. h4 h5 7. Bg2 Bg7 8. d3
Nc6 9. O-O O-O 10. Bg5 Bg4 11. Qd2 Kh7 12. Rac1 f6 13. Be3 e5 14. Ne4 Nd5 15.
Bc5 Bh6 16. e3 Rf7 17. Nh2 Be6 18. Ba3 a5 19. Nc5 Bc8 20. Rfd1 Nd4 21. Qe1 Nb5
22. Qe2 Nxa3 23. bxa3 c6 24. a4 Qe7 25. Re1 b6 26. Ne4 Bd7 27. Nf3 Rd8 28. Rc4
Qa3 29. Rb1 Nb4 30. Rb3 Qxa2 31. Qxa2 Nxa2 32. Rxb6 Nb4 33. d4 Bf5 34. dxe5 Bxe4
35. Rxe4 Rd1+ 36. Bf1 fxe5 37. Nxe5 Re7 38. Rd4 Rxf1+ 39. Kxf1 Rxe5 40. Rb7+ Kg8
41. Rd6 Bf8 42. Rxg6+ Kh8 43. Rf6 Re8 44. Rf5 c5 45. Rxh5+ Kg8 46. Rg5+ Kh8 47.
Rc7 Nd3 48. Rd5 Nb2 49. Rd2 Rb8 50. g4 Nxa4 51. g5 Nc3 52. g6 a4 53. Rdd7 a3 54.
g7+ Bxg7 55. Rxg7 a2 56. Rh7+ Kg8 57. Rcg7+ Kf8 58. Ra7 Kg8 59. Rhg7+ Kf8 60.
Rh7 Kg8 61. Rhd7 c4 62. h5 1-0

[Event "Chinese League"]
[Site "Ningbo CHN"]
[Date "2011.04.14"]
[Round "3"]
[White "Bu, Xiangzhi"]
[Black "Gao, Rui"]
[Result "1-0"]
[WhiteTitle "GM"]
[BlackTitle "IM"]
[WhiteElo "2677"]
[BlackElo "2435"]
[WhiteTeam "Shandong"]
[BlackTeam "Chongqing"]
[WhiteFideId "8601445"]
[BlackFideId "8602387"]
[EventDate "2011.04.12"]

1. Nf3 Nf6 2. c4 g6 3. Nc3 Bg7 4. e4 c5 5. d4 cxd4 6. Nxd4 Nc6 7. Be3 Ng4 8.
Qxg4 Nxd4 9. Qd1 Ne6 10. Rc1 Qa5 11. Bd3 d6 12. O-O Bd7 13. a3 Bc6 14. Qd2 O-O
15. Bb1 Rfe8 16. f4 b6 17. Kh1 Nf8 18. Qe2 Rac8 19. Nb5 Qa6 20. Bd4 Bxb5 21.
cxb5 Qa4 22. Bxg7 Kxg7 23. Qd3 Ne6 24. Rxc8 Rxc8 25. b4 f6 26. e5 Rc7 27. exf6+
exf6 28. Ba2 Nf8 29. Qd5 Kh6 30. g4 Rc3 31. g5+ 1-0

[Event "Chinese League"]
[Site "Ningbo CHN"]
[Date "2011.04.14"]
[Round "3"]
[White "Wen, Yang"]
[Black "Wang, Chen"]
[Result "1/2-1/2"]
[WhiteTitle "GM"]
[WhiteElo "2545"]
[BlackElo "2435"]
[WhiteTeam "Shandong"]
[BlackTeam "Chongqing"]
[WhiteFideId "8602956"]
[BlackFideId "8601020"]
[EventDate "2011.04.12"]

1. d4 d5 2. c4 e6 3. Nf3 Nf6 4. e3 c5 5. Nc3 Nc6 6. a3 cxd4 7. exd4 Be7 8. Bd3
O-O 9. O-O dxc4 10. Bxc4 a6 11. Bg5 b5 12. Bd3 Bb7 13. Bc2 Rc8 14. Qd3 g6 15.
Rad1 Na5 16. Ne5 Nc4 17. Nxc4 Rxc4 18. Bb3 Rc8 19. Rfe1 Nd5 20. Bxe7 Nxe7 21.
Ne4 Bxe4 22. Qxe4 Qd6 23. d5 Nxd5 24. Bxd5 exd5 25. Rxd5 Qf6 26. Rd2 Rfd8 27.
Qe2 Rxd2 28. Qxd2 Rd8 29. Qc2 Kg7 30. h3 1/2-1/2

[Event "Chinese League"]
[Site "Ningbo CHN"]
[Date "2011.04.14"]
[Round "3"]
[White "Huang, Qian"]
[Black "Hou, Yifan"]
[Result "0-1"]
[WhiteTitle "WGM"]
[BlackTitle "GM"]
[WhiteElo "2394"]
[BlackElo "2602"]
[WhiteTeam "Chongqing"]
[BlackTeam "Shandong"]
[WhiteFideId "8602689"]
[BlackFideId "8602980"]
[EventDate "2011.04.12"]

1. d4 e6 2. c4 Nf6 3. Nc3 Bb4 4. Qc2 O-O 5. a3 Bxc3+ 6. Qxc3 Qe8 7. Qc2 d6 8.
Bg5 Nfd7 9. e3 e5 10. d5 f5 11. g4 h6 12. Bh4 g5 13. gxf5 gxh4 14. e4 Rf7 15.
Nf3 Rg7 16. Nxh4 Qh5 17. Ng6 Nf8 18. h4 Qg4 19. h5 Nbd7 20. Qe2 Qxe2+ 21. Kxe2
Nf6 22. Ke3 Bd7 23. Bd3 a5 24. Rac1 b6 25. b3 Be8 26. a4 N8d7 27. Bc2 Nc5 28.
Rcd1 Bd7 29. Rdg1 Kf7 30. f3 Rag8 31. Rd1 Ke8 32. Rd2 Kd8 33. Rdd1 Be8 34. Rd2
Bf7 35. Rdh2 Rh7 36. Rg2 Ncd7 37. Bd1 Ne8 38. Rb2 Ng7 39. Rg2 Re8 40. f4 exf4+
41. Kxf4 Nf6 42. Bf3 Bxg6 43. hxg6 Rhh8 44. Rgh2 h5 45. Rh4 Re5 46. Kg5 Ke7 47.
R1h2 Rf8 48. Rf4 Rh8 49. Rfh4 Rf8 50. Rf4 c6 51. Kh6 Nfe8 52. Rfh4 Kf6 53. Kh7
Re7 54. Rg2 Nxf5+ 55. g7 Nxh4 0-1

[Event "Chinese League"]
[Site "Ningbo CHN"]
[Date "2011.04.14"]
[Round "3"]
[White "Tan, Zhongyi"]
[Black "Gu, Xiaobing"]
[Result "0-1"]
[WhiteTitle "WGM"]
[BlackTitle "WGM"]
[WhiteElo "2428"]
[BlackElo "2369"]
[WhiteTeam "Chongqing"]
[BlackTeam "Shandong"]
[WhiteFideId "8603642"]
[BlackFideId "8602611"]

1. d4 Nf6 2. c4 g6 3. Nc3 Bg7 4. Nf3 d6 5. Bg5 O-O 6. e3 c5 7. Be2 h6 8. Bh4 g5
9. Bg3 Nh5 10. dxc5 Nxg3 11. hxg3 dxc5 12. Qc2 e6 13. g4 Nd7 14. O-O-O Qe7 15.
Kb1 a6 16. e4 b5 17. e5 Bb7 18. Nxg5 Qxg5 19. Rxd7 Bxg2 20. Rh5 Qf4 21. g5 Rfd8
22. Rxd8+ Rxd8 23. gxh6 Bxh6 24. cxb5 Rd2 25. Qc1 axb5 26. Bxb5 Bf3 27. Rxh6
Qxh6 28. a4 Qg6+ 29. Ka2 Rxf2 30. Qe3 Qg2 31. Ka3 Rxb2 32. Bf1 Qd2 33. Qxf3 Qc1
34. Qg3+ Kf8 35. Na2 Qb1 0-1

[Event "Chinese League"]
[Site "Chengdu CHN"]
[Date "2011.05.26"]
[Round "4"]
[White "Yu, Yangyi"]
[Black "Gao, Rui"]
[Result "1/2-1/2"]
[WhiteTitle "GM"]
[BlackTitle "IM"]
[WhiteElo "2652"]
[BlackElo "2435"]
[WhiteTeam "Beijing"]
[BlackTeam "Chongqing"]
[WhiteFideId "8603820"]
[BlackFideId "8602387"]
[EventDate "2011.04.12"]

1. Nf3 c5 2. c4 Nc6 3. Nc3 e5 4. e3 Nf6 5. d4 cxd4 6. exd4 e4 7. Ne5 Bb4 8. Be2
Qa5 9. Nxc6 dxc6 10. Bd2 O-O 11. O-O Re8 12. a3 Bxc3 13. Bxc3 Qg5 14. Qc1 Qh4
15. Qe3 Bg4 16. Rfe1 Bxe2 17. Rxe2 Nh5 18. g3 Qg4 19. f3 Qxf3 20. Qxf3 exf3 21.
Rxe8+ Rxe8 22. Kf2 f5 23. Kxf3 Nf6 24. d5 Kf7 25. dxc6 bxc6 26. Rd1 Re4 27. Bd4
Ng4 28. h3 Ne5+ 29. Bxe5 Rxe5 30. Rd6 Re6 31. Rd8 Re7 32. Kf4 Ke6 33. c5 Kf6 34.
Rf8+ Ke6 35. Rxf5 Rb7 36. b4 a5 37. Re5+ Kf6 38. Re4 axb4 39. axb4 Rd7 40. h4 h5
41. g4 hxg4 42. Kxg4 Rd3 43. h5 Rd5 44. Rf4+ Ke7 45. Kh4 Ke6 46. Rg4 Kf7 47. Rg6
Rd4+ 48. Kg5 Rd5+ 49. Kg4 Rd4+ 50. Kg5 Rd5+ 51. Kh4 Rd4+ 52. Rg4 Rd5 53. Rf4+
Ke6 54. Rf8 Rd4+ 55. Kg5 Rxb4 56. Rd8 Rb1 57. Rd6+ Ke5 58. Kg6 Rg1+ 59. Kf7 Rg5
60. Rxc6 Kd5 61. Rg6 Rf5+ 62. Kxg7 Rxh5 63. c6 Rh1 1/2-1/2

[Event "Chinese League"]
[Site "Chengdu CHN"]
[Date "2011.05.26"]
[Round "4"]
[White "Li, Chao b"]
[Black "Wang, Chen"]
[Result "1-0"]
[WhiteTitle "GM"]
[WhiteElo "2646"]
[BlackElo "2435"]
[WhiteTeam "Beijing"]
[BlackTeam "Chongqing"]
[WhiteFideId "8604436"]
[BlackFideId "8601020"]
[EventDate "2011.04.12"]

1. e4 c5 2. Nf3 e6 3. d4 cxd4 4. Nxd4 a6 5. Bd3 g6 6. Nc3 Bg7 7. Nf3 Nc6 8. Bf4
d5 9. e5 f6 10. Qe2 fxe5 11. Nxe5 Nge7 12. O-O-O O-O 13. g3 Nxe5 14. Bxe5 Bh6+
15. f4 Nc6 16. h4 Nxe5 17. Qxe5 Bg7 18. Qe1 Qf6 19. Rd2 b5 20. Re2 Bd7 21. h5 b4
22. Nd1 g5 23. h6 Bh8 24. Qd2 gxf4 25. gxf4 Kf7 26. Bxh7 Qd4 27. Qxd4 Bxd4 28.
Ne3 Bb5 29. Bd3 Bxd3 30. cxd3 Rg8 31. Nc2 Bh8 32. f5 exf5 33. Nxb4 Rad8 34. Rf1
Rg5 35. Nxa6 Rd6 36. Nb4 Rh5 37. h7 Kg6 38. Re7 Rh2 39. Rg1+ Kf6 40. Rc7 Re6 41.
Nxd5+ Ke5 42. Nc3 Kf4 43. Rf1+ Kg3 44. Rc8 Kg2 45. Rxf5 Rxh7 46. Rg8+ Kh2 47.
Ne4 Bd4 48. Kd1 Rh3 49. Nd2 Bb6 50. d4 Bxd4 51. Nf3+ 1-0

[Event "Chinese League"]
[Site "Chengdu CHN"]
[Date "2011.05.26"]
[Round "4"]
[White "Huang, Qian"]
[Black "Wang, Yu A."]
[Result "1-0"]
[WhiteTitle "WGM"]
[BlackTitle "IM"]
[WhiteElo "2394"]
[BlackElo "2398"]
[WhiteTeam "Chongqing"]
[BlackTeam "Beijing"]
[WhiteFideId "8602689"]
[BlackFideId "8601097"]
[EventDate "2011.04.12"]

1. d4 Nf6 2. c4 c5 3. d5 e6 4. Nc3 exd5 5. cxd5 d6 6. e4 g6 7. h3 Bg7 8. Nf3 a6
9. a4 Nbd7 10. Bd3 Nh5 11. Bg5 Bf6 12. Be3 Ne5 13. Be2 Nxf3+ 14. Bxf3 Ng7 15.
O-O O-O 16. Qd2 Be5 17. Be2 f5 18. f4 Bxc3 19. bxc3 fxe4 20. g4 Bd7 21. a5 Qh4
22. Kg2 Rae8 23. Qe1 Qxe1 24. Rfxe1 Kf7 25. Rab1 Bc8 26. Rb6 Rd8 27. Reb1 Rd7
28. Rf1 Rdd8 29. f5 gxf5 30. Bg5 Rd7 31. gxf5 h6 32. Bxh6 Kf6 33. Bg4 Rh8 34.
Bf4 Ne8 35. Re1 Rg7 36. Rf1 Rgg8 37. c4 Kf7 38. Bxd6 Nf6 39. Kg3 Nh5+ 40. Kh2
Nf6 41. Kg3 Nh5+ 42. Kf2 Nf6 43. Rg1 Nxg4+ 44. hxg4 Rh4 45. g5 e3+ 46. Kxe3 Re8+
47. Kf2 Rxc4 48. g6+ Kf6 49. Bxc5+ Kxf5 50. Be3 Rc2+ 51. Kf3 Rc3 52. Rg5# 1-0

[Event "Chinese League"]
[Site "Chengdu CHN"]
[Date "2011.05.26"]
[Round "4"]
[White "Xu, Jun"]
[Black "Wen, Yang"]
[Result "1/2-1/2"]
[WhiteTitle "GM"]
[BlackTitle "GM"]
[WhiteElo "2486"]
[BlackElo "2545"]
[WhiteTeam "Jiangsu"]
[BlackTeam "Shandong"]
[WhiteFideId "8600031"]
[BlackFideId "8602956"]
[EventDate "2011.04.12"]

1. d4 Nf6 2. c4 g6 3. g3 Bg7 4. Bg2 O-O 5. Nc3 d6 6. Nf3 Nc6 7. O-O Rb8 8. h3 a6
9. e4 b5 10. e5 Nd7 11. cxb5 axb5 12. Ng5 dxe5 13. Bxc6 exd4 14. Nxb5 Rb6 15.
Na7 Ra6 16. Nxc8 Rxc6 17. Na7 Rb6 18. Re1 e5 19. Qa4 Nb8 20. Qc4 c6 21. Bd2 Ra6
22. Bb4 Qxg5 23. Bxf8 Bxf8 24. Qb3 Qd8 25. Qb7 Rb6 26. Qc8 Qe7 27. a4 Qxa7 28.
Rxe5 Nd7 29. Re7 Qb8 30. Qxd7 Bxe7 31. Qxe7 Rxb2 32. Qe4 Qd6 33. a5 d3 34. a6 d2
35. Qa4 Qb8 36. Qe4 Qd6 37. Qa4 Qc5 38. Rd1 Qc2 39. Qxc2 Rxc2 40. a7 Ra2 41.
Rxd2 Rxa7 42. Rd8+ Kg7 43. Rc8 Ra1+ 44. Kg2 Rc1 45. g4 Kf6 46. h4 h6 47. Rc7 Rc3
48. f3 h5 49. gxh5 gxh5 50. Kg3 Ke6 51. Kf4 f6 52. Ke4 Rc1 53. Rc8 Rc4+ 54. Ke3
Rc5 55. Rc7 Re5+ 56. Kf4 c5 57. Rc6+ Kf7 58. Rc8 Rd5 59. Ke4 Re5+ 60. Kf4 Ke7
61. Rc6 Rd5 62. Ke4 Rd4+ 63. Ke3 Rc4 64. Kd3 Rd4+ 65. Ke3 Rxh4 66. Rxc5 Rh2 67.
Kf4 h4 68. Kg4 1/2-1/2

[Event "Chinese League"]
[Site "Chengdu CHN"]
[Date "2011.05.26"]
[Round "4"]
[White "Hou, Yifan"]
[Black "Guo, Qi"]
[Result "1-0"]
[WhiteTitle "GM"]
[WhiteElo "2602"]
[BlackElo "2331"]
[WhiteTeam "Shandong"]
[BlackTeam "Jiangsu"]
[WhiteFideId "8602980"]
[BlackFideId "8604002"]
[EventDate "2011.04.12"]

1. e4 c6 2. d4 d5 3. Nc3 dxe4 4. Nxe4 Bf5 5. Ng3 Bg6 6. h4 h6 7. Nf3 e6 8. Ne5
Bh7 9. Bd3 Nf6 10. Bxh7 Nxh7 11. Qd3 Nd7 12. f4 Be7 13. Bd2 Nxe5 14. fxe5 Bxh4
15. O-O-O Bg5 16. Ne4 Bxd2+ 17. Rxd2 O-O 18. Qg3 f5 19. Nc5 Ng5 20. Nxb7 Qd5 21.
b3 f4 22. Qg4 f3 23. Nc5 fxg2 24. Qxg2 Rf4 25. Qxd5 exd5 26. c3 Raf8 27. Rhd1
Ne4 28. Nxe4 Rxe4 29. c4 dxc4 30. bxc4 c5 31. dxc5 Rxe5 32. Rd5 Re4 33. R1d4
Rxd4 34. Rxd4 Rc8 35. Rd5 g5 36. Kd2 Kg7 37. Ke3 Kf6 38. Rd6+ Kf5 39. Rxh6 Rxc5
40. Kd4 Rc8 41. Kd5 g4 42. c5 g3 43. Rh1 Kf4 44. c6 g2 45. Rc1 Kf3 46. Kd6 Rh8
47. c7 Rh6+ 48. Kd7 Rh7+ 49. Kc6 Rh1 50. Rc3+ Ke4 51. c8=Q Rh6+ 52. Kb5 g1=Q 53.
Qe8+ Kf4 54. Qf8+ Ke4 1-0

[Event "Chinese League"]
[Site "Chengdu CHN"]
[Date "2011.05.26"]
[Round "4"]
[White "Nguyen, Ngoc Truong Son"]
[Black "Ni, Hua"]
[Result "1/2-1/2"]
[WhiteTitle "GM"]
[BlackTitle "GM"]
[WhiteElo "2635"]
[BlackElo "2646"]
[WhiteTeam "Qingdao"]
[BlackTeam "Shanghai"]
[WhiteFideId "12401110"]
[BlackFideId "8601160"]
[EventDate "2011.04.12"]

1. d4 d5 2. c4 c6 3. Nf3 Nf6 4. Nc3 dxc4 5. a4 Bf5 6. e3 e6 7. Bxc4 Bb4 8. O-O
Nbd7 9. Qe2 Bg4 10. Rd1 Qa5 11. e4 Qh5 12. Bf4 O-O 13. h3 Bxf3 14. Qxf3 Qxf3 15.
gxf3 a5 16. Ne2 Rfd8 17. Bc7 Rdc8 18. Bg3 Nf8 19. b3 Rd8 20. Bh4 Be7 21. Rd3 Ng6
22. Bg3 Rd7 23. Rad1 Rad8 24. Kg2 Kf8 25. Kf1 Bb4 26. Kg2 Be7 27. Kf1 Bb4 28.
Kg2 1/2-1/2

[Event "Chinese League"]
[Site "Chengdu CHN"]
[Date "2011.05.26"]
[Round "4"]
[White "Wang, Shuai"]
[Black "Zhou, Jianchao"]
[Result "1/2-1/2"]
[WhiteTitle "IM"]
[BlackTitle "GM"]
[WhiteElo "2424"]
[BlackElo "2660"]
[WhiteTeam "Qingdao"]
[BlackTeam "Shanghai"]
[WhiteFideId "3403955"]
[BlackFideId "8603537"]
[EventDate "2011.04.12"]

1. e4 c5 2. Nf3 d6 3. d4 cxd4 4. Qxd4 e5 5. Qd1 Nf6 6. Nc3 Be7 7. Bg5 O-O 8.
Bxf6 Bxf6 9. Nd5 Nd7 10. Bc4 Nb6 11. Bb3 Nxd5 12. Qxd5 Be6 13. Qd2 a5 14. O-O a4
15. Bxe6 fxe6 16. Rfd1 Be7 17. Qe3 Qc7 18. Rac1 Qc6 19. c4 b6 20. b4 axb3 21.
axb3 Rf4 22. Nd4 Qxe4 23. Nxe6 Qxe3 24. fxe3 Rf7 25. Nc7 Ra2 26. Ra1 Rff2 27.
Rxa2 Rxa2 28. Nd5 Bg5 29. Kf1 Rb2 30. Rd3 e4 31. Rd4 Rxb3 32. Rxe4 b5 33. cxb5
Rxb5 34. Nf4 Kf7 35. Kf2 Bd8 36. Rd4 Ke7 37. Rd5 Rb3 38. Kf3 Kd7 39. Rf5 Ke8 40.
Rd5 Kd7 41. Rf5 Ke8 42. Rd5 Kd7 43. Rf5 1/2-1/2

[Event "Chinese League"]
[Site "Chengdu CHN"]
[Date "2011.05.26"]
[Round "4"]
[White "Ma, Zhonghan"]
[Black "Lou, Yiping"]
[Result "1-0"]
[BlackTitle "IM"]
[WhiteElo "2262"]
[BlackElo "2446"]
[WhiteTeam "Qingdao"]
[BlackTeam "Shanghai"]
[WhiteFideId "8607206"]
[BlackFideId "8603928"]
[EventDate "2011.04.12"]

1. Nf3 Nf6 2. c4 c5 3. d4 cxd4 4. Nxd4 Nc6 5. Nc3 e6 6. g3 Qb6 7. Nb3 Ne5 8. e4
Bb4 9. Qe2 d6 10. f4 Nc6 11. Be3 Bxc3+ 12. bxc3 Qc7 13. Bg2 e5 14. O-O b6 15.
fxe5 Nxe5 16. Bg5 Bg4 17. Qf2 Nfd7 18. Nd4 h6 19. Bf4 O-O 20. Nf5 Rae8 21. Qd4
Bxf5 22. exf5 Nf6 23. Rad1 Qc5 24. Qxc5 dxc5 25. Bd5 Re7 26. a4 Rfe8 27. a5 bxa5
28. Ra1 Nxd5 29. cxd5 Nc4 30. d6 Rd7 31. Rfd1 f6 32. Rd5 Rc8 33. Kf2 Re8 34. Kg1
Rc8 35. Kf2 Kf7 36. Kf3 a4 37. Ke4 Rc6 38. Rxa4 Nb6 39. Ra5 Nxd5 40. Kxd5 Rc8
41. c4 h5 42. h4 g6 43. fxg6+ Kxg6 44. Ke6 Rb7 45. Ra6 Re8+ 46. Kd5 Rd8 47. Kxc5
Kf7 48. Kd5 Rc8 49. c5 1-0

[Event "Chinese League"]
[Site "Chengdu CHN"]
[Date "2011.05.26"]
[Round "4"]
[White "Ju, Wenjun"]
[Black "Gong, Qianyun"]
[Result "1-0"]
[WhiteTitle "WGM"]
[BlackTitle "WIM"]
[WhiteElo "2519"]
[BlackElo "2232"]
[WhiteTeam "Shanghai"]
[BlackTeam "Qingdao"]
[WhiteFideId "8603006"]
[BlackFideId "8602425"]
[EventDate "2011.04.12"]

1. d4 Nf6 2. c4 c5 3. d5 e5 4. Nc3 d6 5. e4 Be7 6. g3 Nbd7 7. Bg2 O-O 8. Nge2
Ne8 9. O-O g6 10. a3 a6 11. Be3 Ng7 12. b4 b6 13. Rb1 Qe8 14. Qd2 f5 15. Rb3 Bd8
16. Rfb1 Nf6 17. f3 Ra7 18. a4 fxe4 19. fxe4 Ng4 20. a5 Nxe3 21. Qxe3 Qd7 22.
axb6 Bxb6 23. b5 axb5 24. Nxb5 Ra6 25. Kh1 Ne8 26. Ng1 Qe7 27. Bh3 Nf6 28. Bxc8
Rxc8 29. Qe2 Rca8 30. Nc3 Ba5 31. Rb7 Qf8 32. Nb5 Bd8 33. Nc3 Ba5 34. Nb5 Bd8
35. Nh3 Ra2 36. Qf3 R2a4 37. Ng5 Qh6 38. h4 Rxc4 39. Nxd6 Rb4 40. R7xb4 cxb4 41.
Ndf7 Qf8 42. Nxd8 Qxd8 43. Rf1 Qe7 44. Qxf6 Qxf6 45. Rxf6 b3 46. Rb6 1-0